000 00249nam a22001097a 4500
999 _c260752
_d260751
020 _a978067988311
100 _aBarbara Park
245 _aJunie B. Jones is a Beauty shop Guy
260 _aNew York
_bRandom House
300 _a67 pgs.
942 _cBK